Interest Rates and Household Saving Behaviour: an Empirical Puzzle and a Solution Using Czech Data

Prenos z úrokových sadzieb na správanie domácností pri úsporách pri zavádzaní dvoch hlavných inovácií analýzy tohto vzťahu. Prvá je založená na použití súboru klientských úrokových sadzieb namiesto jednej menovopolitickej sadzby. Druhá spočíva v rozdelení domácností do príjmových kategórií, čo posky...

Descrizione completa

Salvato in:
Dettagli Bibliografici
Autore principale: Badura, Ondřej
Natura: Capitolo di libro
Lingua:inglese
Soggetti:
Tags: Aggiungi Tag
Nessun Tag, puoi essere il primo ad aggiungerne!!

MARC

LEADER 00000naa a2200000 4500
001 0269529
005 20201027101131.8
041 0 |a eng 
044 |a CZ 
245 1 0 |a Interest Rates and Household Saving Behaviour: an Empirical Puzzle and a Solution Using Czech Data  |c Ondřej Badura 
520 |a Prenos z úrokových sadzieb na správanie domácností pri úsporách pri zavádzaní dvoch hlavných inovácií analýzy tohto vzťahu. Prvá je založená na použití súboru klientských úrokových sadzieb namiesto jednej menovopolitickej sadzby. Druhá spočíva v rozdelení domácností do príjmových kategórií, čo poskytuje viac pozorovaní a umožňuje tak vykonať analýzu aj pre jednu krajinu. Analýza správania českých domácností v období rokov 2004 - 2015. 
610 2 0 |a sadzby úrokové 
610 2 0 |a politika menová 
610 2 0 |a miera úspor 
610 2 0 |a príjmy 
610 2 0 |a domácnosti 
610 2 0 |a Česko 
100 1 |a Badura, Ondřej